000 00529nam a2200193 a 4500
001 1769174371799
003 YourLibrary
005 20260127164447.0
008 260123s2005##################000#0#eng##
020 _a9781403933034
082 0 4 _a330.9496
_bPAP
100 1 _aPapazoglou, Christos,
_eauthor.
245 1 0 _aThe Economies of South Eastern Europe :
260 _bPalgrave Macmillan,
_c2005.
300 _a248 pages
650 0 _aBusiness & Economics.
942 _cENGLISH
040 _aYourLibrary
_beng
_cYourLibrary
999 _c609153
_d609153